Statistics for Star Wars Rebels (Season 2) A-Z

Click here to take the quiz!

General Stats

  • This quiz has been taken 10 times
  • The average score is 8 of 23

Answer Stats

LetterHintAnswer% Correct
RA veteran Clone Captain, Clone Commander, and Advanced Recon Commando formerly designated CT-7567Rex
86%
GA veteran Clone Captain formerly designated CC-5576-39Gregor
71%
HA male Weequay pirate and outlawHondo Ohnaka
71%
MA Force-sensitive Dathomirian Zabrak male who was once a Dark Lord of the SithMaul
71%
VThe Dark Lord of the SithVader
71%
WA veteran Clone Commander formerly designated CC-3636Wolffe
71%
CHera's fatherCham Syndulla
57%
LZeb is a member of this speciesLasat
57%
SA female Mirialan InquisitorSeventh Sister
57%
BA heavily armed, single-pilot starfighter and bomberB-wing
43%
FA humanoid male InquisitorFifth Brother
43%
PA semi-sentient species of massive whales that lived in deep space capable of traveling through hyperspacePurrgil
43%
EA Force-sensitive Terrelian Jango Jumper male member of the InquisitoriusEighth Brother
29%
KA human female Mandalorian from Shukut who worked as a bounty hunter in the employ of Black SunKetsu Onyo
14%
AA remote planet in the Lothal sector with a rocky surface covered in plated tree coralsAtollon
0%
DA small, timid creature that has a protective shell and two eyestalksDokma
0%
IA Star Destroyer that was equipped with four gravity well projectorsInterdictor
0%
JA non-sentient species of giant, worm-like creatures that lived below the surface of the dusty planet SeelosJoopa
0%
NA frigid planet in the Outer Rim Territories sporting glacial terrain and low-gravityNixus
0%
OA barren, rocky mountainous planet located in the galaxy's Outer Rim TerritoriesOosalon
0%
QA Mon Calamari male mechanic who built a prototype starfighterQuarrie
0%
TLoth-cats are a subspecies of this feline speciesTooka
0%
YAn officer of the Galactic Empire stationed on the planet Lothal, where he served as the Imperial Supply MasterYogar Lyste
0%

Score Distribution

Percentile by Number Answered

Percent of People with Each Score

Your Score History

You have not taken this quiz